000 00610nam a2200205Ia 4500
003 GCL
008 140319s9999 xx 000 0 ara d
040 _aGCL /
_cGCL
082 0 4 _a398.9
_bس ح
100 1 _aسيد كريم
245 1 0 _aالحكم والآمثال فى الأدب الفرعونى /
_cسيد كريم
300 _a179 ص
490 _aمكتبة الاسرة
_v0
650 0 4 _aالفولكلور
650 0 4 _aالادب المصرى القديم
650 0 4 _aالادب الشعبى
650 0 4 _aالحضارة الفرعونية
650 0 4 _aالامثال
942 _2ddc
_cBK
999 _c50767
_d50767